[Event "TUR Cup"]
[Site "Antalya"]
[Date "2020.01.28"]
[Round "4"]
[White "Caner, Resul"]
[Black "Kara, Yanki"]
[Result "1/2-1/2"]
[WhiteElo "1932"]
[BlackElo "2175"]
[PlyCount "27"]
[EventDate "2020.01.26"]
[EventType "swiss"]
[EventRounds "11"]
[EventCountry "TUR"]
[SourceTitle "CBM 194 Extra"]
[Source "ChessBase"]
[SourceDate "2020.03.31"]
[SourceVersion "1"]
[SourceVersionDate "2020.03.31"]
[SourceQuality "1"]

1. e4 g6 2. d4 Bg7 3. Nc3 d6 4. h4 h6 5. h5 g5 6. f4 gxf4 7. Bxf4 Nc6 8. Bb5 Bd7 9. Nf3 a6 10. Bxc6 Bxc6 11. Qd3 b5 12. 0-0-0 Nf6 13. d5 b4 14. e5 1/2-1/2

[Event "TUR-chT 2nd League"]
[Site "Konya"]
[Date "2019.07.22"]
[Round "1.4"]
[White "Sekerci, Erdogan"]
[Black "Caner, Resul"]
[Result "1-0"]
[WhiteElo "1665"]
[BlackElo "1921"]
[PlyCount "127"]
[EventDate "2019.07.22"]
[EventType "team-swiss"]
[EventRounds "9"]
[EventCountry "TUR"]
[SourceTitle "CBM 191 Extra"]
[Source "ChessBase"]
[SourceDate "2019.09.30"]
[SourceVersion "1"]
[SourceVersionDate "2019.09.30"]
[SourceQuality "1"]
[WhiteTeam "Corum Belediye"]
[BlackTeam "Seyhan Belediye"]
[WhiteTeamCountry "TUR"]
[BlackTeamCountry "TUR"]

1. e4 e6 2. Nf3 d5 3. exd5 exd5 4. d4 Bd6 5. h3 Ne7 6. Bd3 Nbc6 7. a3 0-0 8. Be3 Nf5 9. Bxf5 Bxf5 10. Nbd2 Qf6 11. 0-0 Rfe8 12. Re1 Be6 13. c3 h6 14. Nh2 Qg6 15. Kh1 Ne7 16. Ndf3 Nf5 17. Qc2 Qh5 18. Ne5 f6 19. Nd3 Nxe3 20. Rxe3 Qg6 21. Nf3 Qh5 22. Rae1 Bf5 23. Rxe8+ Rxe8 24. Rxe8+ Qxe8 25. Qd2 Qb5 26. Nfe1 a5 27. g4 Be4+ 28. f3 Bg6 29. Kg2 b6 30. Qe2 a4 31. h4 Qd7 32. h5 Bf7 33. f4 c5 34. f5 Qc7 35. Nf3 Kf8 36. Qd2 Be8 37. Qe3 Bb5 38. Nh4 Be8 39. Ng6+ Bxg6 40. hxg6 Qe7 41. Qxe7+ Kxe7 42. dxc5 bxc5 43. Kf3 Kd7 44. Ke3 Kc6 45. Nf2 Bg3 46. Nd3 Kb5 47. Kd2 Kc4 48. Kc2 d4 49. Nc1 Bc7 50. Nd3 Kd5 51. Nf2 Bg3 52. Nh3 Kc4 53. Ng1 d3+ 54. Kd1 Kb3 55. Nf3 Kxb2 56. Nd2 Bh4 57. Ne4 Kxa3 58. Nxc5 Bf2 59. Nxd3 Bb6 60. Kc2 Bc7 61. Nc5 Bd6 62. Ne6 Ka2 63. Nxg7 a3 64. Ne6 1-0

[Event "TUR Cup"]
[Site "Antalya"]
[Date "2019.02.02"]
[Round "10"]
[White "Koc, Ilkay"]
[Black "Caner, Resul"]
[Result "1-0"]
[WhiteElo "2000"]
[BlackElo "1884"]
[PlyCount "59"]
[EventDate "2019.01.27"]
[EventType "swiss"]
[EventRounds "11"]
[EventCountry "TUR"]
[SourceTitle "CBM 188 Extra"]
[Source "ChessBase"]
[SourceDate "2019.02.26"]
[SourceVersion "1"]
[SourceVersionDate "2019.02.26"]
[SourceQuality "1"]

1. d4 d5 2. c4 c6 3. Nf3 e6 4. e3 Nf6 5. b3 Nbd7 6. Bd3 Bd6 7. Bb2 0-0 8. 0-0 Re8 9. Ne5 c5 10. f4 Qc7 11. Nc3 b6 12. Nb5 Qb8 13. Nc6 Qb7 14. Nxd6 Qxc6 15. Nxe8 Nxe8 16. cxd5 exd5 17. dxc5 bxc5 18. Qc2 h6 19. e4 d4 20. e5 Bb7 21. Rae1 Nc7 22. Be4 Nd5 23. Qd3 N7b6 24. Qg3 Qd7 25. f5 f6 26. e6 Qe7 27. Bc1 Kh8 28. Qh4 Rf8 29. Rf3 Ba6 30. Bxh6 1-0

[Event "TUR Cup"]
[Site "Antalya"]
[Date "2019.01.30"]
[Round "6"]
[White "Dogdu, Mehmet"]
[Black "Caner, Resul"]
[Result "0-1"]
[WhiteElo "1940"]
[BlackElo "1884"]
[PlyCount "50"]
[EventDate "2019.01.27"]
[EventType "swiss"]
[EventRounds "11"]
[EventCountry "TUR"]
[SourceTitle "CBM 188 Extra"]
[Source "ChessBase"]
[SourceDate "2019.02.26"]
[SourceVersion "1"]
[SourceVersionDate "2019.02.26"]
[SourceQuality "1"]

1. e4 e6 2. d4 d5 3. Nc3 Nf6 4. e5 Nfd7 5. f4 c5 6. Nf3 Nc6 7. Be3 Qb6 8. Na4 Qa5+ 9. c3 cxd4 10. b4 Nxb4 11. cxb4 Bxb4+ 12. Bd2 0-0 13. Rb1 Bxd2+ 14. Nxd2 f6 15. exf6 Nxf6 16. Bd3 e5 17. fxe5 Ng4 18. Rb5 Qc7 19. Nf3 Ne3 20. Rc5 Qd7 21. Qb3 Qg4 22. Be2 Nxg2+ 23. Kd2 Qf4+ 24. Kd1 Ne3+ 25. Ke1 Bg4 0-1

[Event "TUR-chT2"]
[Site "Konya"]
[Date "2018.07.13"]
[Round "6.2"]
[White "Caner, Resul"]
[Black "Degirmenci, Yagiz"]
[Result "1/2-1/2"]
[WhiteElo "1867"]
[BlackElo "1829"]
[PlyCount "81"]
[EventDate "2018.07.10"]
[EventType "team-swiss"]
[EventRounds "9"]
[EventCountry "TUR"]
[SourceTitle "EXT 2019"]
[Source "ChessBase"]
[SourceDate "2018.10.10"]
[SourceVersion "1"]
[SourceVersionDate "2018.10.10"]
[SourceQuality "1"]
[WhiteTeam "Adana Ceyhan Belediye"]
[BlackTeam "Siirt Cedid"]
[WhiteTeamCountry "TUR"]
[BlackTeamCountry "TUR"]

1. e4 g6 2. d4 Bg7 3. Nc3 d6 4. Bg5 c5 5. dxc5 Qa5 6. Qd2 Qxc5 7. Nd5 Be6 8. Be3 Qc8 9. Bd4 Kf8 10. Bxg7+ Kxg7 11. Qd4+ f6 12. Nf3 Nc6 13. Qa4 Nh6 14. Bb5 Kf7 15. Rd1 a6 16. Be2 b5 17. Qb3 Na5 18. Qe3 Ng4 19. Qf4 Bxd5 20. Ng5+ Kg7 21. Bxg4 fxg5 22. Qxg5 Qxc2 23. exd5 Qe4+ 24. Be2 Rhf8 25. f3 Qb4+ 26. Qd2 Qxd2+ 27. Kxd2 Rf5 28. Ke3 Re5+ 29. Kf2 Rc8 30. Rd2 Nc4 31. Bxc4 Rxc4 32. Rhd1 a5 33. b3 Rc3 34. Rd3 b4 35. R1d2 g5 36. Rd4 Kf6 37. h4 h6 38. hxg5+ hxg5 39. Kg3 Re1 40. Kg4 Rh1 41. Kg3 1/2-1/2

[Event "TUR-chT2"]
[Site "Konya"]
[Date "2018.07.12"]
[Round "4.1"]
[White "Caner, Resul"]
[Black "Taskaya, Fesih"]
[Result "1-0"]
[WhiteElo "1867"]
[BlackElo "1658"]
[PlyCount "49"]
[EventDate "2018.07.10"]
[EventType "team-swiss"]
[EventRounds "9"]
[EventCountry "TUR"]
[SourceTitle "EXT 2019"]
[Source "ChessBase"]
[SourceDate "2018.10.10"]
[SourceVersion "1"]
[SourceVersionDate "2018.10.10"]
[SourceQuality "1"]
[WhiteTeam "Adana Ceyhan Belediye"]
[BlackTeam "Denizli Onay"]
[WhiteTeamCountry "TUR"]
[BlackTeamCountry "TUR"]

1. e4 d5 2. exd5 Qxd5 3. Nc3 Qd6 4. Nf3 Nf6 5. d4 c6 6. h3 Bf5 7. Bc4 Nbd7 8. Qe2 h6 9. g4 Bh7 10. Be3 e6 11. 0-0-0 b5 12. Bb3 a5 13. d5 cxd5 14. Qxb5 Qb4 15. Qc6 Rb8 16. Ne5 Bc5 17. Bxc5 Qxc5 18. Ba4 Qxc6 19. Bxc6 Rd8 20. Nxd7 Nxd7 21. Nxd5 0-0 22. Ne7+ Kh8 23. Rxd7 Rxd7 24. Bxd7 Rd8 25. Rd1 1-0

[Event "TUR-ch"]
[Site "Antalya"]
[Date "2013.02.09"]
[Round "11"]
[White "Yarimaga, Mehmet Hakan"]
[Black "Caner, Resul"]
[Result "0-1"]
[WhiteElo "1759"]
[BlackElo "1918"]
[PlyCount "102"]
[EventDate "2013.02.02"]
[EventType "swiss"]
[EventRounds "11"]
[EventCountry "TUR"]
[SourceTitle "CBM 152 Extra"]
[Source "ChessBase"]
[SourceDate "2013.02.25"]
[SourceVersion "1"]
[SourceVersionDate "2013.02.25"]
[SourceQuality "1"]

1. e4 c5 2. b4 cxb4 3. Bb2 Nc6 4. d4 d5 5. Nd2 e6 6. Ngf3 dxe4 7. Nxe4 Nf6 8. Ng3 Be7 9. Bc4 0-0 10. 0-0 Bd7 11. Qe2 Rc8 12. Rad1 Na5 13. Bd3 b5 14. Ne5 a6 15. f4 Bc6 16. f5 Bd5 17. fxe6 Bxe6 18. Nf5 Re8 19. Rf3 Bf8 20. Rdf1 Nc4 21. Ba1 g6 22. Qf2 Bxf5 23. Bxf5 Nxe5 24. Bxc8 Nxf3+ 25. Qxf3 Qxc8 26. Qxf6 Qe6 27. d5 Bc5+ 28. Kh1 Qxf6 29. Bxf6 Re2 30. Rd1 Bd6 31. g3 Rxc2 32. Re1 Rc8 33. Kg2 Kf8 34. Kf3 h5 35. Be5 Ke7 36. Bd4+ Kd7 37. Re2 Rc4 38. Ke3 Bc5 39. Bxc5 Rxc5 40. Ke4 Kd6 41. Rf2 Rc4+ 42. Kd3 f5 43. Re2 Kxd5 44. Re8 Rc3+ 45. Kd2 Rc6 46. Rb8 Kc4 47. Kc2 a5 48. Ra8 a4 49. Rd8 b3+ 50. axb3+ axb3+ 51. Kb2 Kb4 0-1

[Event "TUR-ch"]
[Site "Antalya"]
[Date "2013.02.08"]
[Round "10"]
[White "Caner, Resul"]
[Black "Hatiboglu, Mehmet Can"]
[Result "1-0"]
[WhiteElo "1918"]
[BlackElo "1688"]
[PlyCount "31"]
[EventDate "2013.02.02"]
[EventType "swiss"]
[EventRounds "11"]
[EventCountry "TUR"]
[SourceTitle "CBM 152 Extra"]
[Source "ChessBase"]
[SourceDate "2013.02.25"]
[SourceVersion "1"]
[SourceVersionDate "2013.02.25"]
[SourceQuality "1"]

1. e4 c5 2. Nf3 d6 3. d4 cxd4 4. Nxd4 Nf6 5. Nc3 g6 6. Be3 Bg7 7. f3 0-0 8. Qd2 Nc6 9. 0-0-0 Nxd4 10. Bxd4 Be6 11. Kb1 Qa5 12. Nd5 Qxd2 13. Nxe7+ Kh8 14. Rxd2 Rfe8 15. Bxf6 Bxf6 16. Nd5 1-0

[Event "TUR-ch"]
[Site "Antalya"]
[Date "2013.02.03"]
[Round "2"]
[White "Sehitogullari, Halil"]
[Black "Caner, Resul"]
[Result "1/2-1/2"]
[WhiteElo "1751"]
[BlackElo "1918"]
[PlyCount "87"]
[EventDate "2013.02.02"]
[EventType "swiss"]
[EventRounds "11"]
[EventCountry "TUR"]
[SourceTitle "CBM 152 Extra"]
[Source "ChessBase"]
[SourceDate "2013.02.25"]
[SourceVersion "1"]
[SourceVersionDate "2013.02.25"]
[SourceQuality "1"]

1. e4 c5 2. Nf3 d6 3. d4 cxd4 4. Nxd4 Nf6 5. Nc3 a6 6. Bg5 Nbd7 7. Qd2 Qc7 8. f3 e6 9. Nb3 Be7 10. Be2 b5 11. a3 Bb7 12. Be3 d5 13. exd5 Nxd5 14. Nxd5 Bxd5 15. Nd4 0-0 16. 0-0 Bd6 17. g3 Nb6 18. b3 Rfd8 19. f4 Qe7 20. Qc1 Rac8 21. Nxb5 axb5 22. Bxb6 Bc5+ 23. Bxc5 Qxc5+ 24. Rf2 Bxb3 25. Qf1 Bxc2 26. Bxb5 Rd2 27. a4 Rcd8 28. Rc1 Rd1 29. Rcxc2 Rxf1+ 30. Bxf1 Qa7 31. Ra2 Kf8 32. a5 Rd7 33. a6 Ke7 34. Rab2 Kd8 35. Ra2 h6 36. Rab2 g5 37. fxg5 hxg5 38. h3 f5 39. Ra2 f4 40. gxf4 gxf4 41. Kh2 Qe3 42. Rae2 Qg3+ 43. Kh1 Ke7 44. Rd2 1/2-1/2

[Event "TUR-ch"]
[Site "Kemer"]
[Date "2012.02.03"]
[Round "8"]
[White "Yilmaz, Alper Salih"]
[Black "Caner, Resul"]
[Result "1-0"]
[WhiteElo "1827"]
[BlackElo "1961"]
[PlyCount "51"]
[EventDate "2012.01.29"]
[EventType "swiss"]
[EventRounds "10"]
[EventCountry "TUR"]
[SourceTitle "CBM 146 Extra"]
[Source "ChessBase"]
[SourceDate "2012.02.29"]
[SourceVersion "1"]
[SourceVersionDate "2012.02.29"]
[SourceQuality "1"]

1. Nf3 Nf6 2. c4 d5 3. cxd5 Nxd5 4. e4 Nb6 5. d4 e6 6. Nc3 Be7 7. Be2 0-0 8. 0-0 N8d7 9. Bf4 c5 10. Nb5 Nf6 11. Bc7 Qe8 12. Bxb6 axb6 13. Nc7 Qa4 14. Nxa8 Qxa8 15. e5 Nd5 16. Qc2 Nb4 17. Qb3 Bd7 18. a3 Ba4 19. Qc3 Nc2 20. Rac1 cxd4 21. Nxd4 Rc8 22. Bc4 b5 23. Nxc2 Rxc4 24. Qd2 Qd8 25. Qxd8+ Bxd8 26. Ne3 1-0

[Event "TUR-ch"]
[Site "Kemer"]
[Date "2012.01.29"]
[Round "2"]
[White "Cinkilic, Haktan"]
[Black "Caner, Resul"]
[Result "0-1"]
[WhiteElo "1773"]
[BlackElo "1961"]
[PlyCount "69"]
[EventDate "2012.01.29"]
[EventType "swiss"]
[EventRounds "10"]
[EventCountry "TUR"]
[SourceTitle "CBM 146 Extra"]
[Source "ChessBase"]
[SourceDate "2012.02.29"]
[SourceVersion "1"]
[SourceVersionDate "2012.02.29"]
[SourceQuality "1"]

1. e4 c5 2. Nf3 d6 3. d4 cxd4 4. Nxd4 Nf6 5. Nc3 a6 6. Bg5 Nbd7 7. f4 e5 8. Nf5 Qb6 9. Rb1 h6 10. Bxf6 Nxf6 11. Qd2 d5 12. fxe5 Nxe4 13. Nxe4 Bxf5 14. Ng3 Bb4 15. c3 Bxb1 16. Qd1 Bxc3+ 17. bxc3 Bg6 18. Be2 Qc5 19. Qd2 Rc8 20. c4 dxc4 21. e6 0-0 22. Bg4 c3 23. Qc1 Qe5+ 24. Kf1 Bd3+ 25. Be2 fxe6+ 26. Ke1 Bxe2 27. Nxe2 Qf6 28. Qe3 c2 29. h4 Qa1+ 30. Nc1 Qc3+ 31. Qxc3 Rxc3 32. Kd2 Rc6 33. g4 Rd8+ 34. Ke2 Rcd6 35. Nb3 0-1